Program 22. ročníka

Podrobná bibliografia
Médium: Článok
Jazyk:slovenčina
Predmet:

MARC

LEADER 00000nab a2200000 a 4500
001 vtls000920120
003 SK-MaSNL
005 20260303185649.0
008 040720e19910220xo 0 slo
035 |a KE28997 
040 |a KEVKJB  |b slo  |c KEVKJB  |e AACR2 
041 0 |a slo 
044 |a xo  |c SK 
080 |a 796.422  |2 1981 
245 0 0 |a Program 22. ročníka 
611 1 7 |a Blažice '91  |2 KEVKJB  |9 1217175 
650 0 7 |a atletika   |2 KEVKJB  |9 3279 
650 0 7 |a beh  |2 KEVKJB  |9 3281 
650 0 7 |a roč. 22  |2 KEVKJB  |9 879714 
650 0 7 |a program  |2 KEVKJB  |9 873327 
650 0 7 |a informácie  |2 KEVKJB  |9 1285 
651 7 |a Blažice (Slovensko)  |2 KEVKJB  |9 30327 
651 7 |a KS,  |2 KEVKJB  |9 880381 
655 7 |a periodikum  |2 snkbucl  |9 29553 
773 0 8 |t Vidiek  |g Roč. 1  |g Roč. 28, č.4, 20.2.1991, s. 4 
852 |a ZVYKNI  |b KIS3GCP 
999 |c 2132345  |d 2134275